Les pays d'Asie dans l'ordre alphabétique - Statistiques

Statistiques générales
  • Ce quiz a été pris 138 fois
    115 depuis la dernière actualisation
  • Le résultat moyen est 22 sur 49
Statistiques - réponses
Hint Réponse % Correct
? Afghanistan
93%
? Arménie
84%
? Azerbaïdjan
82%
? Arabie saoudite
75%
? Bhoutan
71%
? Chine
69%
? Bangladesh
67%
? Bahrein
65%
? Cambodge
64%
? Corée du Nord
62%
? Corée du Sud
62%
? Inde
58%
? Brunei
56%
? Indonésie
53%
? Irak
53%
? Iran
53%
? Israël
53%
? Émirats arabes unis
51%
? Géorgie
51%
? Chypre
49%
? Jordanie
49%
? Japon
47%
? Kazakhstan
47%
? Koweit
44%
? Kirghizistan
42%
? Laos
40%
? Liban
40%
? Pakistan
36%
? Qatar
36%
? Malaisie
35%
? Népal
35%
? Oman
35%
? Maldives
31%
? Mongolie
31%
? Ouzbékistan
29%
? Viêt nam
29%
? Tadjikistan
27%
? Taïwan
27%
? Thailande
27%
? Timor oriental
27%
? Syrie
25%
? Turkménistan
25%
? Myanmar
24%
? Singapour
24%
? Sri lanka
24%
? Turquie
24%
? Philippines
22%
? Russie
22%
? Yemen
9%
Aucun quiz correspondant
Distribution des résultats
% des personnes avec chaque résultat
Percentile par nombre de réponses
Votre historique - résultats
Vous n’avez pas pris ce quiz depuis la dernière actualisation